Polish Neuter declension - Statistics

General Stats
  • This quiz has been taken 18 times
  • The average score is 59 of 98
Answer Stats
Hint Answer % Correct
G Miast
93%
G Miasta
93%
Towns Miasta
93%
V Miasta
93%
A Miasta
93%
Town Miasto
93%
V Miasto
93%
A Miasto
93%
Children Dzieci
80%
V Dzieci
80%
A Dzieci
80%
G Dzieci
80%
Name Imię
80%
V Imię
80%
A Imię
80%
D Miastu
80%
Child Dziecko
73%
V Dziecko
73%
A Dziecko
73%
I Miastami
73%
G Pól
73%
G Pola
73%
Fields Pola
73%
V Pola
73%
A Pola
73%
Field Pole
73%
V Pole
73%
A Pole
73%
D Polu
73%
L Polu
73%
G Dziecka
67%
I Dzieckiem
67%
D Dziecku
67%
L Dziecku
67%
I Miastem
67%
D Miastom
67%
L Mieście
67%
G Oka
67%
Eye Oko
67%
V Oko
67%
A Oko
67%
D Oku
67%
L Oku
67%
L Polach
67%
I Polami
67%
I Polem
67%
D Polom
67%
L Dzieciach
60%
D Dzieciom
60%
G Imienia
60%
I Imieniem
60%
D Imieniu
60%
L Imieniu
60%
G Imion
60%
Names Imiona
60%
V Imiona
60%
A Imiona
60%
D Imionom
60%
L Miastach
60%
Eyes Oczy
60%
V Oczy
60%
A Oczy
60%
I Okiem
60%
Calf Cielę
53%
V Cielę
53%
A Cielę
53%
I Dziećmi
53%
I Oczami
53%
D Oczom
53%
G Oczu
53%
G Ucha
53%
Ear Ucho
53%
V Ucho
53%
A Ucho
53%
L Oczach
47%
I Uchem
47%
D Uchu
47%
L Uchu
47%
L Uszach
47%
I Uszami
47%
D Uszom
47%
Ears Uszy
47%
V Uszy
47%
A Uszy
47%
L Imieniach
33%
I Imieniami
33%
G Uszu
33%
G Cielęcia
27%
I Cielęciem
27%
D Cielęciu
27%
L Cielęciu
27%
Calves Cielęta
27%
V Cielęta
27%
A Cielęta
27%
G Cieląt
20%
L Cielętach
20%
I Cielętami
20%
D Cielętom
20%
No matching quizzes found
Score Distribution
Percent of People with Each Score
Percentile by Number Answered
Your Score History
You have not taken this quiz